| 000 | 00522cam a2200181ua 4500 | ||
|---|---|---|---|
| 020 |
_a81-85005-737 _cRs 1000.00 |
||
| 041 |
_aeng _h |
||
| 082 |
_a338.140 954 _bBAG/PR |
||
| 100 | _aBagchi, Kathalkali S . | ||
| 245 |
_aDrought prone India: Problems and prespectives, Vol 2 / _cKathakali S Bagchi. _hTextual Documents |
||
| 250 |
_a1 / _b. |
||
| 260 |
_aNew Delhi : _bAgricole Publishing Academy , _c1991. |
||
| 300 | _a997 ; . | ||
| 365 | _aRs 1000.00 | ||
| 504 | _a | ||
| 942 | _cBK | ||
| 999 |
_c1861 _d1861 |
||